Modelo de auditoría de calidad de los servicios turísticos
Tallennettuna:
| Päätekijä: | |
|---|---|
| Muut tekijät: | |
| Aineistotyyppi: | Kirja |
| Julkaistu: |
San José, Costa Rica
1994
|
| Aiheet: | |
| Tagit: |
Lisää tagi
Ei tageja, Lisää ensimmäinen tagi!
|
MARC
| LEADER | 00000nam a2200000Ia 4500 | ||
|---|---|---|---|
| 003 | 007578 | ||
| 005 | 20221231144257.0 | ||
| 008 | 140114s1994 cr a m 000 ||s d | ||
| 040 | |c cru CEDI | ||
| 090 | |a TFG 3228 | ||
| 100 | |a Luna Sánchez, José Pablo |9 10963 | ||
| 245 | |a Modelo de auditoría de calidad de los servicios turísticos | ||
| 260 | |c 1994 |a San José, Costa Rica | ||
| 300 | |a v, [345] hojas : ilustraciones. | ||
| 500 | |a Proyecto de graduación (licenciatura en ingeniería industrial)--Universidad de Costa Rica. Facultad de Ingeniería. Escuela de Ingeniería Industrial | ||
| 650 | |x AUDITORIA |x TURISMO - COSTA RICA |9 10967 | ||
| 700 | |9 10966 |a Ruiz Benavides, Delberth | ||
| 942 | |c TFG | ||
| 999 | |c 19487 |d 19487 | ||
